50 Répliques Harry Potter - Statistiques

Statistiques générales
  • Ce quiz a été pris 4 271 fois
  • Le résultat moyen est 39 sur 50
Statistiques - réponses
Réplique Personnage % Correct
3 Je ne suis pas un hibou ! Hermione Granger
97%
9 On aurait pu se faire tuer, ou pire, être renvoyés ! Hermione Granger
97%
22 Ça vous étonnera peut être mais Neville a trouvé quelqu’un ! Hermione Granger
97%
25 Tu es un parfait crétin Ronald Weasley ! Hermione Granger
97%
32 Si, mais toi tu as la capacité émotionnelle d’une petite cuillère. Hermione Granger
97%
1 N'aie pas pitié des morts [...]. Aie plutôt pitié des vivants et surtout de ceux qui vivent sans amour. Albus Dumbledore
96%
17 Il faut du courage pour affronter ses ennemis mais il en faut encore plus pour affronter ses amis Albus Dumbledore
96%
36 Après tout ce temps ? Albus Dumbledore
96%
49 Laisse moi t'aider Albus Dumbledore
96%
4 Ouvrez vos livres page 394. Severus Rogue
96%
16 Pour toujours. Severus Rogue
96%
28 Vous l’avez élevé comme un porc destiné à l’abatoire. Severus Rogue
96%
35 Tu as les yeux de ta mère. Severus Rogue
96%
40 Je suis le Prince de sang-mélé. Severus Rogue
96%
2 Ce n'est pas n'importe quel balai Harry, c'est un Nimbus 2000 ! Ron Weasley
95%
26 C’est ma copine, bande d’abrutis ! Ron Weasley
95%
33 Qui êtes-vous et qu’avez vous fait à Hermione Granger ? Ron Weasley
95%
14 D’accord très bien tu l’aimes. L’as-tu déjà rencontrée ? Harry Potter
87%
19 Je jure solennellement que mes intentions sont mauvaises Harry Potter
87%
30 Est-ce que ça fait mal de mourir ? Harry Potter
87%
42 Mais je suis l’élu. Harry Potter
87%
45 Il faut que j’aille chez Hagrid ! Harry Potter
87%
10 On a peur Potter ? Drago Malefoy
82%
23 Nous avons parié, mon père et moi. Je ne crois pas que tu tiendras dix minutes dans ce tournoi Drago Malefoy
82%
47 Il faut que je vous tue... ou il me tuera. Drago Malefoy
82%
50 Tu verras que certaines familles de sorciers valent mieux que d’autres, Potter ! Drago Malefoy
82%
15 Tu es un sorcier Harry. Rubeus Hagrid
81%
6 Il y a des causes pour lesquelles il vaut la peine de mourir ! Sirius Black
79%
8 Dans le monde il n'y a pas d'un côté le bien et le mal, il y a une part de lumière et d'ombre en chacun de nous. Sirius Black
79%
20 Ceux qui nous aiment ne nous quittent jamais vraiment. Sirius Black
79%
31 C’est plus rapide que de s’endormir. Sirius Black
79%
38 Tu n’es pas quelqu’un de mauvais. Tu es quelqu’un de bon à qui il est arrivé de mauvaises choses. Sirius Black
79%
7 Piertotum locomotor ! Minerva McGonagall
73%
27 Touche pas à ma Ginny ! Pétasse ! Molly Weasley
71%
12 Oh mon Dieu, j'ai tué Harry Potter ! Neville Londubat
70%
21 Ce dont vous avez le plus peur est la peur elle-même, c’est une preuve de sagesse. Rémus Lupin
70%
24 J’ai tué Sirius Black !! Bellatrix Lestrange
67%
5 J'ai lu dans ton coeur, et ton coeur est mien. Voldemort
66%
34 Les choses finissent toujours pas revenir, mais pas toujours de la manière qu’on croit. Luna Lovegood
64%
43 Oh c’est pas grave, c’est comme si j’étais avec un ami. Luna Lovegood
64%
48 Tu n’es pas fou, moi aussi je les vois. Luna Lovegood
64%
37 Ne m’apelle pas NYMPHADORA ! Nymphadora Tonks
59%
46 Dix gallions ! Fred et George Weasley
58%
29 Pour ceux d’entre-vous qui n’ont jamais bu de polynectar, je vous préviens, on dirait de la pisse de gobelin. Alastor Maugrey
52%
11 Blesser très gravement, mutiler... Mais pas tuer ! Dobby
48%
39 Tout est possible du moment qu’on a assez de cran. Ginny Weasley
48%
41 Mon Ronron ! Lavande Brown
40%
18 Flint a failli tuer l’attrapeur de Gryffondor, ce qui aurait pu arriver à n’importe qui. Lee Jordan
35%
13 Je ne pense pas me tromper mon chéri, en affirmant que vous êtes né en plein hiver ? Sybille Trelawney
35%
44 Il avait une famille, j’imagine ? Horace Slughorn
12%
Aucun quiz correspondant
Distribution des résultats
% des personnes avec chaque résultat
Percentile par nombre de réponses
Votre historique - résultats
Vous n’avez pas pris ce quiz